000 00682nam0a22002291 4500
001 rc\2759005
005 20250529151626.0
035 _a(NLR Aleph) 006885673
090 _a7093426
_c7093428
100 _a20110915d1940 |||y0rusy50 ca
101 0 _arus
102 _aRU
105 _aa z |||||
200 1 _aГлисты
_fЗ. Василькова
210 _aМосква
_aЛенинград
_cМедгиз
_d1940
_eМосква
215 _a20 с.
_cил.
_d19 см.
700 1 _aВасилькова
_bЗ.Г.
_f-1958
_gЗинаида Григорьевна
801 0 _aRU
_bNLR
_gpsbo
801 1 _aRU
_bELAR
_2rusmarc
852 _aNLR
_jМд96 В-4/2
942 _cBOOK
980 _aNB